[Event "blitmenteam"]
[Site "?"]
[Date "2016.10.07"]
[Round "11.12"]
[White "Gochelashvili, David"]
[Black "Potapov, Alexander"]
[Result "1/2-1/2"]
[LiveChessVersion "1.4.4"]
[BlackElo "2381"]
[WhiteElo "2439"]

1. d4 {[%clk 0:03:03]} f5 {[%clk 0:03:03]} 2. g3 {[%clk 0:03:01]} Nf6
{[%clk 0:03:03]} 3. Bg2 {[%clk 0:03:02]} g6 {[%clk 0:03:05]} 4. Nh3
{[%clk 0:03:02]} Bg7 {[%clk 0:03:06]} 5. O-O {[%clk 0:03:03]} Nc6
{[%clk 0:03:07]} 6. c3 {[%clk 0:02:55]} d5 {[%clk 0:02:54]} 7. Bf4
{[%clk 0:02:46]} O-O {[%clk 0:02:53]} 8. Nd2 {[%clk 0:02:46]} Ne4
{[%clk 0:02:54]} 9. Nxe4 {[%clk 0:02:12]} fxe4 {[%clk 0:02:53]} 10. Qd2
{[%clk 0:02:10]} e5 {[%clk 0:02:46]} 11. dxe5 Nxe5 {[%clk 0:02:46]} 12. Rad1
{[%clk 0:01:57]} c6 {[%clk 0:02:48]} 13. Bh6 {[%clk 0:01:38]} Qf6
{[%clk 0:02:43]} 14. Bxg7 {[%clk 0:01:33]} Kxg7 {[%clk 0:02:38]} 15. b3
{[%clk 0:01:12]} Nf3+ {[%clk 0:02:27]} 16. exf3 {[%clk 0:00:30]} exf3
{[%clk 0:02:28]} 17. Nf4 {[%clk 0:00:25]} fxg2 {[%clk 0:02:26]} 18. Kxg2
{[%clk 0:00:25]} Bf5 {[%clk 0:02:07]} 19. Rde1 {[%clk 0:00:25]} Rae8
{[%clk 0:02:08]} 20. f3 {[%clk 0:00:26]} Kg8 {[%clk 0:02:03]} 21. Qd4
{[%clk 0:00:26]} Qxd4 {[%clk 0:01:47]} 22. cxd4 {[%clk 0:00:27]} g5
{[%clk 0:01:22]} 23. Nh5 {[%clk 0:00:28]} Rxe1 {[%clk 0:01:08]} 24. Rxe1
{[%clk 0:00:30]} Bg6 {[%clk 0:01:09]} 25. g4 {[%clk 0:00:31]} Bxh5
{[%clk 0:01:10]} 26. gxh5 {[%clk 0:00:32]} Kf7 {[%clk 0:01:06]} 27. Re5
{[%clk 0:00:28]} h6 {[%clk 0:01:01]} 28. Kg3 a5 {[%clk 0:00:55]} 29. h4
{[%clk 0:00:13]} gxh4+ {[%clk 0:00:47]} 30. Kxh4 {[%clk 0:00:14]} Rg8
{[%clk 0:00:48]} 31. Rf5+ {[%clk 0:00:12]} Ke6 {[%clk 0:00:48]} 32. Re5+
{[%clk 0:00:12]} Kf6 {[%clk 0:00:50]} 33. Re2 {[%clk 0:00:09]} Rg1
{[%clk 0:00:45]} 34. Re8 {[%clk 0:00:06]} Rd1 {[%clk 0:00:40]} 35. Rf8+
{[%clk 0:00:05]} Kg7 {[%clk 0:00:38]} 36. Rb8 {[%clk 0:00:04]} Rxd4+ 37. Kg3 Rb4
{[%clk 0:00:39]} 38. Ra8 {[%clk 0:00:05]} b6 {[%clk 0:00:38]} 39. Ra7+
{[%clk 0:00:05]} Kf6 {[%clk 0:00:38]} 40. Rc7 {[%clk 0:00:06]} c5
{[%clk 0:00:37]} 41. f4 {[%clk 0:00:07]} a4 {[%clk 0:00:35]} 42. bxa4
{[%clk 0:00:07]} Rxa4 {[%clk 0:00:34]} 43. Kg4 Rxa2 {[%clk 0:00:31]} 44. Rc6+
{[%clk 0:00:10]} Kg7 {[%clk 0:00:32]} 45. Rc7+ {[%clk 0:00:11]} Kf6
{[%clk 0:00:27]} 46. Rc6+ {[%clk 0:00:12]} Kf7 {[%clk 0:00:27]} 47. Rc7+
{[%clk 0:00:10]} Kg8 {[%clk 0:00:24]} 48. Rc8+ {[%clk 0:00:10]} Kf7
{[%clk 0:00:14]} 49. Rc7+ {[%clk 0:00:09]} Kf6 {[%clk 0:00:09]} 50. Rc6+
{[%clk 0:00:10]} Kg7 {[%clk 0:00:11]} 51. Rc7+ {[%clk 0:00:11]} 1/2-1/2

[Event "blitmenteam"]
[Site "?"]
[Date "2016.10.07"]
[Round "11.14"]
[White "Timofeev, Artyom"]
[Black "Ivanov, Alexander Al."]
[Result "1-0"]
[LiveChessVersion "1.4.4"]
[BlackElo "2313"]
[WhiteElo "2578"]

1. e4 {[%clk 0:03:02]} d6 {[%clk 0:03:03]} 2. d4 {[%clk 0:03:01]} Nf6
{[%clk 0:03:05]} 3. Bd3 {[%clk 0:03:02]} e5 {[%clk 0:03:06]} 4. c3
{[%clk 0:03:03]} Be7 {[%clk 0:03:07]} 5. Nf3 {[%clk 0:03:03]} Nbd7
{[%clk 0:03:06]} 6. O-O {[%clk 0:03:03]} O-O {[%clk 0:03:06]} 7. h3
{[%clk 0:03:02]} h6 {[%clk 0:03:08]} 8. Re1 {[%clk 0:03:02]} Nh7 {[%clk 0:03:08]}
9. Nbd2 {[%clk 0:03:02]} Ng5 {[%clk 0:03:03]} 10. Nh2 {[%clk 0:02:57]} Ne6
{[%clk 0:03:02]} 11. Ndf3 {[%clk 0:02:58]} Ng5 {[%clk 0:02:39]} 12. Be3
{[%clk 0:02:54]} Nxf3+ {[%clk 0:02:40]} 13. Qxf3 {[%clk 0:02:54]} Bg5
{[%clk 0:02:39]} 14. Ng4 {[%clk 0:02:52]} Bxe3 {[%clk 0:02:11]} 15. Nxe3
{[%clk 0:02:52]} Nf6 {[%clk 0:02:09]} 16. Bc4 {[%clk 0:02:52]} Qe7
{[%clk 0:02:09]} 17. Nf5 {[%clk 0:02:45]} Bxf5 {[%clk 0:02:09]} 18. Qxf5
{[%clk 0:02:46]} Rad8 {[%clk 0:02:02]} 19. Bb3 {[%clk 0:02:46]} Nh7
{[%clk 0:01:58]} 20. f4 {[%clk 0:02:44]} exd4 {[%clk 0:01:25]} 21. cxd4
{[%clk 0:02:45]} Qf6 {[%clk 0:01:26]} 22. Qxf6 {[%clk 0:02:43]} Nxf6
{[%clk 0:01:27]} 23. Kf2 {[%clk 0:02:41]} c6 {[%clk 0:01:26]} 24. Kf3 Rfe8 25.
Rad1 {[%clk 0:02:39]} Kf8 {[%clk 0:01:26]} 26. g4 {[%clk 0:02:40]} Nd7
{[%clk 0:01:20]} 27. h4 {[%clk 0:02:37]} Nb6 {[%clk 0:01:21]} 28. g5
{[%clk 0:02:37]} hxg5 {[%clk 0:01:19]} 29. hxg5 {[%clk 0:02:38]} Ke7
{[%clk 0:01:18]} 30. Rh1 {[%clk 0:02:39]} Rh8 {[%clk 0:01:20]} 31. f5
{[%clk 0:02:39]} a5 {[%clk 0:01:11]} 32. a3 {[%clk 0:02:39]} a4 {[%clk 0:01:01]}
33. Ba2 {[%clk 0:02:41]} Na8 {[%clk 0:00:57]} 34. e5 {[%clk 0:02:35]} dxe5
{[%clk 0:00:52]} 35. dxe5 {[%clk 0:02:36]} Rxh1 {[%clk 0:00:53]} 36. Rxh1
{[%clk 0:02:37]} Nc7 {[%clk 0:00:35]} 37. f6+ {[%clk 0:02:37]} gxf6
{[%clk 0:00:31]} 38. exf6+ {[%clk 0:02:34]} Kd7 {[%clk 0:00:30]} 39. Rd1+
{[%clk 0:02:31]} Nd5 {[%clk 0:00:19]} 40. Bxd5 {[%clk 0:02:32]} Kc7
{[%clk 0:00:21]} 41. Ke4 {[%clk 0:02:25]} Re8+ {[%clk 0:00:18]} 42. Kf5
{[%clk 0:02:22]} cxd5 {[%clk 0:00:18]} 43. g6 {[%clk 0:02:23]} fxg6+
{[%clk 0:00:18]} 44. Kxg6 {[%clk 0:02:24]} Kc6 {[%clk 0:00:14]} 45. f7
{[%clk 0:02:25]} 1-0

[Event "blitmenteam"]
[Site "?"]
[Date "2016.10.07"]
[Round "11.15"]
[White "Uzhva, Andrey"]
[Black "Hasangatin, Ramil"]
[Result "0-1"]
[LiveChessVersion "1.4.4"]
[BlackElo "2519"]
[WhiteElo "2132"]

1. d4 {[%clk 0:03:04]} d6 {[%clk 0:03:04]} 2. Nf3 {[%clk 0:03:03]} Bg4
{[%clk 0:03:05]} 3. c4 {[%clk 0:03:01]} Bxf3 4. exf3 {[%clk 0:03:02]} c6
{[%clk 0:03:07]} 5. Nc3 {[%clk 0:03:02]} g6 {[%clk 0:03:09]} 6. g3
{[%clk 0:02:46]} Bg7 {[%clk 0:03:10]} 7. Bg2 {[%clk 0:02:47]} Nf6
{[%clk 0:03:11]} 8. O-O {[%clk 0:02:45]} O-O {[%clk 0:03:12]} 9. Re1
{[%clk 0:02:46]} Nbd7 {[%clk 0:03:06]} 10. Bg5 {[%clk 0:02:37]} Re8
{[%clk 0:03:08]} 11. Bxf6 {[%clk 0:02:31]} Nxf6 {[%clk 0:03:07]} 12. f4
{[%clk 0:02:32]} Qb6 {[%clk 0:03:01]} 13. Na4 {[%clk 0:02:26]} Qa5
{[%clk 0:02:56]} 14. Nc3 {[%clk 0:02:23]} Qb6 {[%clk 0:02:45]} 15. Qd2
{[%clk 0:02:20]} Rad8 {[%clk 0:02:45]} 16. Rad1 {[%clk 0:02:20]} Qa6
{[%clk 0:02:37]} 17. Qe2 {[%clk 0:02:11]} Rb8 {[%clk 0:02:08]} 18. Bf3
{[%clk 0:01:41]} e6 {[%clk 0:02:05]} 19. b3 {[%clk 0:01:34]} Qa5 {[%clk 0:01:52]}
20. Qd2 {[%clk 0:01:32]} Qc7 {[%clk 0:01:44]} 21. Ne4 {[%clk 0:01:30]} Nxe4
{[%clk 0:01:43]} 22. Bxe4 {[%clk 0:01:28]} d5 {[%clk 0:01:45]} 23. cxd5
{[%clk 0:01:21]} cxd5 {[%clk 0:01:42]} 24. Bf3 {[%clk 0:01:20]} Rbc8
{[%clk 0:01:32]} 25. g4 {[%clk 0:01:10]} Bh6 {[%clk 0:01:32]} 26. Rc1
{[%clk 0:00:37]} Qxf4 {[%clk 0:01:21]} 27. Qxf4 Bxf4 {[%clk 0:01:22]} 28. Rxc8
{[%clk 0:00:37]} Rxc8 {[%clk 0:01:24]} 29. Bd1 {[%clk 0:00:21]} Rc1
{[%clk 0:01:21]} 30. a4 {[%clk 0:00:17]} Bd2 {[%clk 0:01:20]} 31. Rf1
{[%clk 0:00:18]} Bc3 {[%clk 0:01:21]} 32. Kg2 {[%clk 0:00:10]} Bxd4
{[%clk 0:01:19]} 33. Kf3 {[%clk 0:00:11]} Kg7 {[%clk 0:01:08]} 34. Ke2
{[%clk 0:00:12]} Rc3 {[%clk 0:01:05]} 35. Rh1 {[%clk 0:00:10]} Rh3
{[%clk 0:00:53]} 36. Bc2 {[%clk 0:00:08]} Be5 {[%clk 0:00:54]} 37. Bd3
{[%clk 0:00:06]} Rxh2 {[%clk 0:00:54]} 38. Rxh2 {[%clk 0:00:07]} Bxh2
{[%clk 0:00:55]} 39. f3 {[%clk 0:00:09]} Kf6 {[%clk 0:00:56]} 40. Bb5
{[%clk 0:00:10]} Ke5 {[%clk 0:00:55]} 41. Bd7 {[%clk 0:00:11]} Kd6
{[%clk 0:00:52]} 42. Be8 {[%clk 0:00:12]} f6 {[%clk 0:00:53]} 43. Bb5
{[%clk 0:00:12]} a6 {[%clk 0:00:53]} 44. Bd3 {[%clk 0:00:14]} Ke5
{[%clk 0:00:54]} 45. Bb1 {[%clk 0:00:13]} Kf4 {[%clk 0:00:49]} 46. Bc2
{[%clk 0:00:14]} e5 {[%clk 0:00:50]} 47. Bb1 {[%clk 0:00:13]} Bg1
{[%clk 0:00:51]} 48. Bc2 {[%clk 0:00:15]} Bc5 {[%clk 0:00:52]} 49. Bb1
{[%clk 0:00:15]} e4 {[%clk 0:00:52]} 50. fxe4 {[%clk 0:00:15]} dxe4
{[%clk 0:00:53]} 51. Bc2 {[%clk 0:00:11]} f5 {[%clk 0:00:54]} 52. gxf5 gxf5
{[%clk 0:00:56]} 53. Bb1 {[%clk 0:00:12]} Ke5 {[%clk 0:00:57]} 54. Bc2
{[%clk 0:00:13]} f4 {[%clk 0:00:58]} 55. Bd1 {[%clk 0:00:13]} f3+
{[%clk 0:00:59]} 56. Kf1 {[%clk 0:00:15]} 0-1

[Event "blitmenteam"]
[Site "?"]
[Date "2016.10.07"]
[Round "11.16"]
[White "Ibragimov, Ildar"]
[Black "Ivlev, Aleksey"]
[Result "1-0"]
[LiveChessVersion "1.4.4"]
[BlackElo "2331"]
[WhiteElo "2522"]

1. d4 {[%clk 0:03:03]} d5 {[%clk 0:03:04]} 2. c4 {[%clk 0:03:04]} c6
{[%clk 0:03:05]} 3. Nc3 {[%clk 0:03:03]} Nf6 {[%clk 0:03:06]} 4. e3
{[%clk 0:02:59]} e6 {[%clk 0:03:04]} 5. Nf3 {[%clk 0:03:00]} Nbd7
{[%clk 0:03:04]} 6. Bd2 {[%clk 0:03:00]} Bd6 {[%clk 0:02:57]} 7. Qc2
{[%clk 0:03:00]} O-O {[%clk 0:02:52]} 8. Bd3 {[%clk 0:03:01]} Qe7
{[%clk 0:02:48]} 9. O-O {[%clk 0:02:54]} dxc4 {[%clk 0:02:35]} 10. Bxc4
{[%clk 0:02:54]} b5 {[%clk 0:02:37]} 11. Bd3 {[%clk 0:02:07]} Bb7
{[%clk 0:02:37]} 12. h3 {[%clk 0:01:35]} a6 {[%clk 0:02:35]} 13. Ng5
{[%clk 0:01:35]} h6 {[%clk 0:02:24]} 14. Nge4 {[%clk 0:01:36]} Bc7
{[%clk 0:02:10]} 15. Nxf6+ {[%clk 0:01:34]} Nxf6 {[%clk 0:02:10]} 16. Ne4
{[%clk 0:01:36]} Bb6 {[%clk 0:02:02]} 17. Rac1 {[%clk 0:01:32]} Nxe4
{[%clk 0:01:57]} 18. Bxe4 {[%clk 0:01:33]} Rfc8 {[%clk 0:01:48]} 19. b4
{[%clk 0:01:33]} a5 {[%clk 0:01:48]} 20. a3 {[%clk 0:01:35]} axb4
{[%clk 0:01:46]} 21. Bxb4 {[%clk 0:01:26]} Qf6 {[%clk 0:01:38]} 22. Qb2
{[%clk 0:01:26]} Ba5 {[%clk 0:01:22]} 23. Rc2 {[%clk 0:01:22]} Bxb4
{[%clk 0:01:20]} 24. axb4 {[%clk 0:01:24]} Ra4 {[%clk 0:01:19]} 25. Rfc1
{[%clk 0:01:22]} Qe7 {[%clk 0:01:20]} 26. Rc5 {[%clk 0:01:22]} Rca8
{[%clk 0:01:14]} 27. Qd2 {[%clk 0:01:17]} Ra2 {[%clk 0:01:11]} 28. R1c2
{[%clk 0:01:17]} Rxc2 {[%clk 0:01:11]} 29. Qxc2 {[%clk 0:01:18]} Ra4
{[%clk 0:01:08]} 30. Qc3 {[%clk 0:01:16]} Qd6 {[%clk 0:00:36]} 31. g3
{[%clk 0:01:16]} g6 {[%clk 0:00:37]} 32. h4 {[%clk 0:01:17]} h5 {[%clk 0:00:36]}
33. Kg2 {[%clk 0:01:17]} Ba8 {[%clk 0:00:35]} 34. Kh2 {[%clk 0:01:17]} Bb7
{[%clk 0:00:36]} 35. Kg2 {[%clk 0:01:09]} Ba8 {[%clk 0:00:36]} 36. Bc2
{[%clk 0:00:38]} Ra7 {[%clk 0:00:35]} 37. Be4 {[%clk 0:00:38]} Ra4
{[%clk 0:00:35]} 38. Bf3 {[%clk 0:00:38]} Bb7 {[%clk 0:00:36]} 39. Bd1
{[%clk 0:00:32]} Ra8 {[%clk 0:00:36]} 40. Bb3 {[%clk 0:00:33]} Ra3
{[%clk 0:00:36]} 41. Qb2 {[%clk 0:00:31]} Ra8 {[%clk 0:00:34]} 42. Bc2
{[%clk 0:00:28]} Ra7 {[%clk 0:00:33]} 43. Be4 {[%clk 0:00:29]} Ra4
{[%clk 0:00:34]} 44. Qc3 {[%clk 0:00:27]} Ba8 {[%clk 0:00:33]} 45. Bxc6
{[%clk 0:00:22]} Bxc6+ {[%clk 0:00:32]} 46. Rxc6 {[%clk 0:00:23]} Qxb4
{[%clk 0:00:32]} 47. Rc8+ {[%clk 0:00:23]} Kg7 {[%clk 0:00:31]} 48. Qc7
{[%clk 0:00:24]} Kf6 {[%clk 0:00:09]} 49. Qe5+ {[%clk 0:00:18]} Ke7
{[%clk 0:00:11]} 50. Rc7+ {[%clk 0:00:17]} Ke8 {[%clk 0:00:12]} 51. Qh8+
{[%clk 0:00:17]} 1-0

[Event "blitmenteam"]
[Site "?"]
[Date "2016.10.07"]
[Round "11.17"]
[White "Tekeyev, Zaur"]
[Black "Fedoseev, Vladimir"]
[Result "0-1"]
[LiveChessVersion "1.4.4"]
[BlackElo "2702"]
[WhiteElo "2438"]

1. e4 {[%clk 0:03:03]} e6 {[%clk 0:03:03]} 2. d4 {[%clk 0:03:04]} d5
{[%clk 0:03:04]} 3. Nd2 {[%clk 0:03:05]} c5 {[%clk 0:03:05]} 4. exd5
{[%clk 0:03:06]} Qxd5 {[%clk 0:03:06]} 5. Ngf3 {[%clk 0:03:07]} cxd4
{[%clk 0:03:06]} 6. Bc4 {[%clk 0:03:08]} Qd7 {[%clk 0:03:07]} 7. O-O
{[%clk 0:03:06]} Nf6 {[%clk 0:03:08]} 8. Nb3 {[%clk 0:03:05]} a6 {[%clk 0:03:09]}
9. a4 {[%clk 0:02:59]} Qc7 {[%clk 0:03:09]} 10. Qxd4 {[%clk 0:02:40]} Nc6
{[%clk 0:03:09]} 11. Qh4 {[%clk 0:02:37]} Bd6 {[%clk 0:03:09]} 12. c3
{[%clk 0:02:30]} Ne7 {[%clk 0:03:09]} 13. Bd3 {[%clk 0:02:14]} Bd7
{[%clk 0:03:06]} 14. Bg5 {[%clk 0:01:48]} O-O-O {[%clk 0:03:05]} 15. Qc4
{[%clk 0:01:48]} Bc6 {[%clk 0:03:03]} 16. Nbd4 {[%clk 0:01:45]} h6
{[%clk 0:02:55]} 17. Nxc6 {[%clk 0:01:36]} Nxc6 {[%clk 0:02:55]} 18. Bh4
{[%clk 0:01:20]} g5 {[%clk 0:02:55]} 19. Bg3 {[%clk 0:01:22]} Bxg3
{[%clk 0:02:56]} 20. hxg3 {[%clk 0:01:21]} Rd5 {[%clk 0:02:49]} 21. Be4
{[%clk 0:01:11]} Nxe4 {[%clk 0:02:47]} 22. Qxe4 {[%clk 0:01:12]} Rhd8
{[%clk 0:02:44]} 23. Qh7 {[%clk 0:01:02]} g4 {[%clk 0:02:41]} 24. Nd4
{[%clk 0:00:53]} Ne5 {[%clk 0:02:34]} 25. Rfe1 {[%clk 0:00:38]} h5
{[%clk 0:02:29]} 26. Qe4 {[%clk 0:00:21]} Nc4 {[%clk 0:02:17]} 27. Re2
{[%clk 0:00:15]} Re5 {[%clk 0:02:06]} 28. Qd3 {[%clk 0:00:13]} Rg5
{[%clk 0:01:56]} 29. b3 {[%clk 0:00:09]} Nb6 {[%clk 0:01:48]} 30. Qe3
{[%clk 0:00:10]} Rgd5 {[%clk 0:01:42]} 31. a5 {[%clk 0:00:11]} Nd7
{[%clk 0:01:41]} 32. b4 {[%clk 0:00:13]} Ne5 {[%clk 0:01:37]} 33. b5
{[%clk 0:00:14]} Nc4 {[%clk 0:01:35]} 34. Qe4 {[%clk 0:00:14]} Nd6
{[%clk 0:01:32]} 35. Qh7 {[%clk 0:00:12]} Nxb5 {[%clk 0:01:29]} 36. Nxb5 Rxb5
{[%clk 0:01:30]} 37. c4 {[%clk 0:00:12]} Rc5 {[%clk 0:01:29]} 38. Rb1
{[%clk 0:00:12]} Rxa5 {[%clk 0:01:29]} 39. Reb2 {[%clk 0:00:13]} Re5
{[%clk 0:01:17]} 40. Qg7 {[%clk 0:00:08]} Re4 {[%clk 0:00:59]} 41. Qh7
{[%clk 0:00:08]} Rxc4 {[%clk 0:00:55]} 42. Rxb7 {[%clk 0:00:06]} Qxb7
{[%clk 0:00:55]} 43. Rxb7 {[%clk 0:00:07]} Rc1+ {[%clk 0:00:54]} 44. Kh2
{[%clk 0:00:08]} Rdd1 {[%clk 0:00:49]} 45. Qg8+ {[%clk 0:00:08]} Kxb7
{[%clk 0:00:50]} 46. Qxf7+ {[%clk 0:00:09]} Rc7 {[%clk 0:00:28]} 47. Qxe6
{[%clk 0:00:10]} Rdc1 {[%clk 0:00:25]} 48. f4 {[%clk 0:00:08]} gxf3
{[%clk 0:00:24]} 49. gxf3 {[%clk 0:00:09]} R7c2+ {[%clk 0:00:26]} 0-1

[Event "blitmenteam"]
[Site "?"]
[Date "2016.10.07"]
[Round "11.18"]
[White "Chigaev, Maksim"]
[Black "Nechaev, Oleg"]
[Result "1-0"]
[LiveChessVersion "1.4.4"]
[BlackElo "2369"]
[WhiteElo "2563"]

1. Nf3 {[%clk 0:03:03]} c5 {[%clk 0:03:03]} 2. g3 {[%clk 0:03:02]} Nc6
{[%clk 0:03:04]} 3. Bg2 {[%clk 0:03:03]} e5 {[%clk 0:03:04]} 4. e4
{[%clk 0:03:03]} g6 {[%clk 0:03:04]} 5. O-O {[%clk 0:03:02]} Bg7 {[%clk 0:03:05]}
6. Nc3 {[%clk 0:02:53]} Nge7 {[%clk 0:03:06]} 7. d3 {[%clk 0:02:55]} d6
{[%clk 0:03:04]} 8. Nd2 {[%clk 0:02:51]} Be6 {[%clk 0:03:02]} 9. Nd5
{[%clk 0:02:51]} O-O {[%clk 0:02:53]} 10. Nc4 {[%clk 0:02:50]} b5
{[%clk 0:02:33]} 11. Nce3 {[%clk 0:02:47]} Qd7 {[%clk 0:02:32]} 12. a4
{[%clk 0:02:47]} bxa4 {[%clk 0:02:22]} 13. Rxa4 {[%clk 0:02:41]} Bh3
{[%clk 0:02:21]} 14. Bxh3 {[%clk 0:02:30]} Qxh3 {[%clk 0:02:20]} 15. Nxe7+
{[%clk 0:02:20]} Nxe7 {[%clk 0:02:21]} 16. Qg4 {[%clk 0:02:21]} Qxg4
{[%clk 0:02:18]} 17. Nxg4 {[%clk 0:02:22]} f5 {[%clk 0:02:14]} 18. Ne3
{[%clk 0:02:23]} f4 {[%clk 0:02:05]} 19. Nc4 {[%clk 0:02:21]} d5 {[%clk 0:02:06]}
20. exd5 Nxd5 {[%clk 0:02:07]} 21. Ra5 {[%clk 0:02:12]} Nb4 {[%clk 0:01:59]} 22.
Rxc5 {[%clk 0:02:11]} Nxc2 {[%clk 0:01:59]} 23. Nxe5 {[%clk 0:02:03]} fxg3
{[%clk 0:01:55]} 24. hxg3 {[%clk 0:01:59]} Nd4 {[%clk 0:01:26]} 25. Nc6
{[%clk 0:01:12]} Ne2+ {[%clk 0:01:13]} 26. Kg2 {[%clk 0:01:14]} Nxc1 27. Rfxc1
{[%clk 0:01:14]} Bxb2 {[%clk 0:01:13]} 28. Rb1 {[%clk 0:01:16]} Bf6
{[%clk 0:01:10]} 29. Ra5 {[%clk 0:01:04]} Rf7 {[%clk 0:00:58]} 30. d4
{[%clk 0:01:02]} Rd7 {[%clk 0:00:47]} 31. d5 {[%clk 0:01:01]} Bd8
{[%clk 0:00:38]} 32. Rab5 {[%clk 0:00:53]} Bb6 {[%clk 0:00:34]} 33. Re1
{[%clk 0:00:45]} Rf8 {[%clk 0:00:34]} 34. f4 {[%clk 0:00:46]} g5 {[%clk 0:00:31]}
35. fxg5 {[%clk 0:00:35]} Rf2+ {[%clk 0:00:27]} 36. Kh3 {[%clk 0:00:37]} Rd2
{[%clk 0:00:22]} 37. Rb4 {[%clk 0:00:06]} Kg7 {[%clk 0:00:13]} 38. Ne7
{[%clk 0:00:06]} Bc5 {[%clk 0:00:11]} 39. Nf5+ {[%clk 0:00:06]} Kg6
{[%clk 0:00:12]} 40. Rf4 {[%clk 0:00:06]} Kxg5 {[%clk 0:00:11]} 41. Nh4
{[%clk 0:00:04]} Bd6 {[%clk 0:00:12]} 42. Rf5+ {[%clk 0:00:04]} Kh6
{[%clk 0:00:13]} 43. Re6+ {[%clk 0:00:05]} Kg7 {[%clk 0:00:14]} 44. Rg5+
{[%clk 0:00:06]} Kf7 {[%clk 0:00:15]} 45. Rh6 {[%clk 0:00:06]} Ke8
{[%clk 0:00:13]} 46. Nf5 {[%clk 0:00:06]} Bf8 {[%clk 0:00:14]} 47. Re6+
{[%clk 0:00:07]} Kd8 {[%clk 0:00:14]} 48. Rg8 {[%clk 0:00:09]} Rf7
{[%clk 0:00:15]} 49. Nd6 {[%clk 0:00:09]} Rf1 {[%clk 0:00:14]} 50. Ne4
{[%clk 0:00:06]} Rxd5 {[%clk 0:00:13]} 51. Nf6 {[%clk 0:00:07]} Kc7
{[%clk 0:00:05]} 52. Nxd5+ {[%clk 0:00:08]} 1-0

[Event "blitmenteam"]
[Site "?"]
[Date "2016.10.07"]
[Round "11.19"]
[White "Rozhko, Dmitry"]
[Black "Predke, Alexandr"]
[Result "1/2-1/2"]
[LiveChessVersion "1.4.4"]
[BlackElo "2500"]
[WhiteElo "2288"]

1. d4 {[%clk 0:03:04]} Nf6 {[%clk 0:03:02]} 2. Nf3 {[%clk 0:03:05]} b6
{[%clk 0:03:03]} 3. Bf4 {[%clk 0:03:06]} Bb7 {[%clk 0:03:03]} 4. e3
{[%clk 0:03:06]} g6 {[%clk 0:03:02]} 5. h3 {[%clk 0:03:07]} Bg7 {[%clk 0:03:03]}
6. Nbd2 {[%clk 0:03:07]} O-O {[%clk 0:03:04]} 7. c3 {[%clk 0:03:07]} d6
{[%clk 0:03:05]} 8. Be2 {[%clk 0:03:07]} Nbd7 {[%clk 0:03:06]} 9. O-O
{[%clk 0:03:08]} Re8 {[%clk 0:03:07]} 10. Bh2 {[%clk 0:03:07]} e5
{[%clk 0:03:02]} 11. dxe5 {[%clk 0:03:06]} Nxe5 {[%clk 0:03:01]} 12. Nxe5
{[%clk 0:02:59]} dxe5 {[%clk 0:03:01]} 13. Nc4 {[%clk 0:02:57]} Nd7
{[%clk 0:02:57]} 14. Bf3 {[%clk 0:02:45]} e4 {[%clk 0:02:47]} 15. Be2
{[%clk 0:02:40]} Ne5 {[%clk 0:02:47]} 16. Qxd8 {[%clk 0:02:23]} Raxd8
{[%clk 0:02:48]} 17. Nxe5 {[%clk 0:02:21]} Bxe5 {[%clk 0:02:49]} 18. Bxe5
{[%clk 0:02:22]} Rxe5 {[%clk 0:02:50]} 19. Rfd1 {[%clk 0:02:23]} Red5
{[%clk 0:02:43]} 20. Rxd5 {[%clk 0:02:24]} Rxd5 {[%clk 0:02:44]} 21. Rd1
{[%clk 0:02:24]} Rxd1+ {[%clk 0:02:39]} 22. Bxd1 {[%clk 0:02:25]} Bd5
{[%clk 0:02:17]} 23. a3 {[%clk 0:02:11]} f5 {[%clk 0:02:16]} 24. h4
{[%clk 0:02:12]} Kf7 {[%clk 0:02:16]} 25. Kf1 {[%clk 0:02:10]} Kf6
{[%clk 0:02:17]} 26. Ke1 {[%clk 0:02:10]} Ke5 {[%clk 0:02:17]} 27. g3
{[%clk 0:02:07]} h6 {[%clk 0:02:17]} 28. Kd2 {[%clk 0:02:07]} g5 {[%clk 0:02:17]}
29. hxg5 {[%clk 0:02:08]} hxg5 {[%clk 0:02:18]} 30. Be2 {[%clk 0:02:07]} a5
{[%clk 0:02:16]} 31. b4 {[%clk 0:02:02]} c5 {[%clk 0:02:16]} 32. bxa5
{[%clk 0:01:59]} bxa5 {[%clk 0:02:17]} 33. Bb5 {[%clk 0:01:57]} c4
{[%clk 0:01:46]} 1/2-1/2

[Event "blitmenteam"]
[Site "?"]
[Date "2016.10.07"]
[Round "11.20"]
[White "Yuffa, Daniil"]
[Black "Shandrygin, Nikita"]
[Result "1/2-1/2"]
[LiveChessVersion "1.4.4"]
[BlackElo "2202"]
[WhiteElo "2460"]

1. d4 {[%clk 0:03:03]} Nf6 {[%clk 0:03:03]} 2. c4 {[%clk 0:03:04]} g6
{[%clk 0:03:05]} 3. Nc3 {[%clk 0:03:06]} d5 {[%clk 0:03:06]} 4. Bf4
{[%clk 0:03:07]} Bg7 {[%clk 0:03:07]} 5. Rc1 {[%clk 0:03:08]} c6 {[%clk 0:02:55]}
6. e3 {[%clk 0:03:09]} O-O {[%clk 0:02:55]} 7. Nf3 {[%clk 0:03:10]} e6
{[%clk 0:02:54]} 8. Be2 {[%clk 0:03:09]} b6 {[%clk 0:02:54]} 9. O-O
{[%clk 0:03:07]} Bb7 {[%clk 0:02:55]} 10. b4 {[%clk 0:03:00]} Nbd7
{[%clk 0:02:55]} 11. cxd5 {[%clk 0:02:55]} exd5 {[%clk 0:02:54]} 12. h3
{[%clk 0:02:44]} Re8 {[%clk 0:02:54]} 13. a4 {[%clk 0:02:40]} Rc8
{[%clk 0:02:06]} 14. Qb3 {[%clk 0:02:40]} Qe7 {[%clk 0:01:37]} 15. a5
{[%clk 0:02:36]} h6 {[%clk 0:01:36]} 16. axb6 {[%clk 0:02:28]} axb6
{[%clk 0:01:37]} 17. Ra1 {[%clk 0:02:29]} Ra8 {[%clk 0:01:33]} 18. Ne5
{[%clk 0:02:13]} b5 {[%clk 0:01:00]} 19. Ra5 {[%clk 0:01:48]} Nb6
{[%clk 0:00:56]} 20. Rfa1 {[%clk 0:01:48]} Nc4 {[%clk 0:00:38]} 21. Ra7
{[%clk 0:01:36]} Rxa7 {[%clk 0:00:30]} 22. Rxa7 {[%clk 0:01:37]} Nxe5
{[%clk 0:00:15]} 23. Bxe5 {[%clk 0:01:33]} Ra8 {[%clk 0:00:15]} 24. Rxa8+
{[%clk 0:01:09]} Bxa8 {[%clk 0:00:17]} 25. Qa3 {[%clk 0:01:09]} Bb7
{[%clk 0:00:15]} 26. Qa5 {[%clk 0:00:49]} Bf8 {[%clk 0:00:09]} 27. Qb6
{[%clk 0:00:44]} Ne8 {[%clk 0:00:06]} 28. Na2 {[%clk 0:00:36]} Qd7
{[%clk 0:00:07]} 29. Bg4 {[%clk 0:00:36]} f5 {[%clk 0:00:07]} 30. Bf3
{[%clk 0:00:37]} Qc8 {[%clk 0:00:07]} 31. Nc1 {[%clk 0:00:30]} Qa8
{[%clk 0:00:06]} 32. Nd3 {[%clk 0:00:29]} Qa6 {[%clk 0:00:04]} 33. Qd8
{[%clk 0:00:27]} Qa8 {[%clk 0:00:04]} 34. Qd7 {[%clk 0:00:21]} Qc8
{[%clk 0:00:04]} 35. Qxc8 {[%clk 0:00:16]} Bxc8 {[%clk 0:00:05]} 36. Nc5
{[%clk 0:00:15]} Nd6 {[%clk 0:00:05]} 37. Bxd6 {[%clk 0:00:12]} Bxd6
{[%clk 0:00:06]} 38. g3 {[%clk 0:00:13]} Kf7 {[%clk 0:00:06]} 39. Kf1
{[%clk 0:00:13]} Kf6 {[%clk 0:00:04]} 40. Ke2 {[%clk 0:00:14]} Bc7
{[%clk 0:00:04]} 41. h4 {[%clk 0:00:14]} Bd6 {[%clk 0:00:05]} 42. Kd3
{[%clk 0:00:15]} Bc7 {[%clk 0:00:06]} 43. Kc3 {[%clk 0:00:15]} Bd6
{[%clk 0:00:07]} 44. Nb3 {[%clk 0:00:16]} Bd7 {[%clk 0:00:06]} 45. Na5
{[%clk 0:00:14]} Bc7 {[%clk 0:00:06]} 46. Nb7 {[%clk 0:00:14]} Bc8
{[%clk 0:00:06]} 47. Nc5 {[%clk 0:00:15]} Bd6 {[%clk 0:00:06]} 48. Nd3
{[%clk 0:00:13]} Bc7 {[%clk 0:00:06]} 49. Nc5 {[%clk 0:00:14]} Bd6
{[%clk 0:00:07]} 50. Nb3 {[%clk 0:00:14]} Bc7 {[%clk 0:00:07]} 51. Na5
{[%clk 0:00:14]} Bd7 {[%clk 0:00:08]} 52. Nb7 {[%clk 0:00:14]} Bc8
{[%clk 0:00:10]} 53. Nc5 {[%clk 0:00:15]} Bd6 {[%clk 0:00:11]} 54. Nd3
{[%clk 0:00:14]} Bc7 {[%clk 0:00:11]} 55. Nc5 {[%clk 0:00:15]} Bd6
{[%clk 0:00:12]} 56. Nb3 {[%clk 0:00:15]} Bc7 {[%clk 0:00:13]} 57. Na5
{[%clk 0:00:15]} Ke5 1/2-1/2